Grand Budapest Hotel (Record no. 44949)

MARC details
000 -Etiqueta do registo
Valores 00370nam a2200157 4500
100 ## - Dados gerais de processamento
Dados gerais 20251015 pory50
101 ## - Língua de publicação
Língua por
-- ing
102 ## - País de publicação
País PT
200 ## - Titulo e menção de responsabilidade
Título próprio Grand Budapest Hotel
Primeira menção de responsabilidade realiz. Wes Anderson
210 ## - Publicação
Local de publicação [S.l.]
Nome do editor dist. Pris Audiovisuais
Data de publicação 2014
215 ## - Descrição física 
Paginação / Volumes 1 DVD
675 ## - CDU
Notação 82-31
801 ## - Fonte de origem
País PT
Regras de catalogação RPC
990 ## - Elementos KOHA
Tipo de documento Filme DVD
Holdings
Aquisição Empréstimo Código de barras Cota Permissão de empréstimo Tipo de documento Nota relativa ao exemplar
Biblioteca Escolar Doutor Hernâni Cidade Biblioteca Escolar Doutor Hernâni Cidade 81070 ACÇ POL AND   Filme DVD 555 Filme de Acção e com uma componente Policial , passado num Hotel

Powered by Koha